00336nam a2200133Ia 4500008004100000020001800041082001700059100001700076245005800093250000800151260002700159300000800186650000800194191201s2008 xx 000 0 und d a9788131702321 a005.117bBOO aBOOCH, Grady 0aObject-Oriented Analysis And Design With Applications a3rd aN.DelhibPearsonc2008 a624 aMCA